Bistua : revista de la Facultad de Ciencias Básicas.

Bibliographic Details
Previous Title:Bistua : revista de ciencia, arte, letras y tecnología.
Corporate Author: Universidad de Pamplona (Pamplona, Norte de Santander, Colombia)
Format: Journal
Language:Spanish
Published: Pamplona, Colombia : Facultad de Ciencias Básicas, Universidad de Pamplona, 2004-
Subjects:
Online Availability: Check for online availability

MARC

Tag First Indicator Second Indicator Subfields
LEADER 00000cas a2200000Ia 4500
001 in00002415744
005 20151109121350.0
006 m d
007 cr cnu||||||||
008 080918c20049999ck fr pss 0 0spa d
022 |a 0120-4211 
035 |a (OCoLC)ocn252916016 
035 |a (OCoLC)252916016 
040 |a YAM  |c YAM  |d YAM  |d TXA  |d UtOrBLW 
043 |a s-ck--- 
049 |a TXAM 
090 |a Q33  |b .B57 Electronic 
245 0 0 |a Bistua :  |b revista de la Facultad de Ciencias Básicas. 
246 3 0 |a Revista de la Facultad de Ciencias Básicas 
264 1 |a Pamplona, Colombia :  |b Facultad de Ciencias Básicas, Universidad de Pamplona,  |c 2004- 
310 |a Semiannual 
336 |a text  |b txt  |2 rdacontent 
337 |a computer  |b c  |2 rdamedia 
338 |a online resource  |b cr  |2 rdacarrier 
362 0 |a 2 (2004) - 
500 |a Title from title screen as viewed on Sept. 18, 2008. 
538 |a Mode of access: World Wide Web. 
500 |a Electronic resource. 
610 2 0 |a Universidad de Pamplona (Pamplona, Norte de Santander, Colombia).  |b Facultad de Ciencias Básicas  |v Periodicals. 
650 0 |a Science  |z Colombia  |v Periodicals. 
650 0 |a Science  |v Periodicals. 
710 2 |a Universidad de Pamplona (Pamplona, Norte de Santander, Colombia) 
780 1 0 |t Bistua : revista de ciencia, arte, letras y tecnología. 
948 |a cataloged  |b h  |c 2008/9/23  |d c  |e spoltoratski 
994 |a C0  |b TXA 
999 |a MARS 
999 f f |s bebcb395-645a-3b42-b7ca-a7f51d9b461d  |i ffc2cc95-43bf-3804-9070-bd3f97a5d120  |t 0 
952 f f |a Texas A&M University  |b College Station  |c Electronic Resources  |d Available Online  |t 0  |e Q33 .B57  |g Electronic  |h Library of Congress classification 
998 f f |a Q33 .B57  |t 0  |l Available Online